005060000a22001450004500090001700000245011800017041001300135700003000148700002500178700002800203100002600231942001300257773007300270999001700343 aASbSeriadas10aAnnual changes of rainfall and temperature in the tropical seasonal forest at La Macarena field station, Colombia0 aInglés1 aNishimura, Akisato9969181 aIzawa, Kosei91002401 aMejia, Carlos A.9940381 aKimura, Koshin996917 cARTICULO1 tField Studies of Fauna and Flora La Macarena, Colombiaq1-3d1994g9 c15993d15993